Southville International School and Colleges
Your cart is empty.
  • Cart
  • Lists
    Public lists Eva Luna New books Lux_list list_1
    Your lists Log in to create your own lists
  • Log in to your account
  • Your cookies
  • Search history
Southville International School and Colleges
  • Advanced search
  • Recent comments
  • Most popular
  • Libraries

Log in to your account

Log in with GOOGLE


If you do not have an external account, but do have a local account, you can still log in:

  1. Home
  2. MARC view: Study smart : what parents, students and teachers should know /
Normal view MARC view ISBD view

Study smart : what parents, students and teachers should know / (Record no. 305438)

[ view plain ]
MARC details
000 -LEADER
fixed length control field 00699nam a2200241Ia 4500
008 - FIXED-LENGTH DATA ELEMENTS--GENERAL INFORMATION
fixed length control field 170203s9999 xx 000 0 und d
020 ## - INTERNATIONAL STANDARD BOOK NUMBER
International Standard Book Number 9789712728112
050 ## - LIBRARY OF CONGRESS CALL NUMBER
Classification number 371.192
050 ## - LIBRARY OF CONGRESS CALL NUMBER
Item number .C559s 2013
100 ## - MAIN ENTRY--PERSONAL NAME
Personal name Chua, Queena N. Lee.
245 ## - TITLE STATEMENT
Title Study smart : what parents, students and teachers should know /
245 ## - TITLE STATEMENT
Statement of responsibility, etc Queena N. Lee-Chua.
260 ## - PUBLICATION, DISTRIBUTION, ETC. (IMPRINT)
Place of publication, distribution, etc Mandaluyong City, Philippines :
260 ## - PUBLICATION, DISTRIBUTION, ETC. (IMPRINT)
Name of publisher, distributor, etc Anvil Publishing Inc.,
260 ## - PUBLICATION, DISTRIBUTION, ETC. (IMPRINT)
Date of publication, distribution, etc [2013]
300 ## - PHYSICAL DESCRIPTION
Extent ix, 136 pages :
300 ## - PHYSICAL DESCRIPTION
Other physical details illustrations ;
300 ## - PHYSICAL DESCRIPTION
Dimensions 21 cm.
440 ## - SERIES STATEMENT/ADDED ENTRY--TITLE
Title The learning series.
650 ## - SUBJECT ADDED ENTRY--TOPICAL TERM
Topical term or geographic name as entry element Parent-teacher relationships.
650 ## - SUBJECT ADDED ENTRY--TOPICAL TERM
Topical term or geographic name as entry element Education --
650 ## - SUBJECT ADDED ENTRY--TOPICAL TERM
General subdivision Parent participation.
Holdings
Withdrawn status Lost status Damaged status Home library Current library Shelving location Date acquired Total Checkouts Full call number Barcode Date last seen Price effective from Koha item type
      Stonyhurst Southville International School (Batangas) Stonyhurst Southville International School (Batangas)   02/03/2017   371.192 .C559s 2013 US-1868 02/03/2017 02/03/2017 Books

Study smart : what parents, students and teachers should know /

APA

Chua Q. N. L., .Study smart : what parents, students and teachers should know. Mandaluyong City, Philippines: .

Chicago

Chua Queena N Lee, .Study smart : what parents, students and teachers should know. Mandaluyong City, Philippines: .

Harvard

Chua Q. N. L., .Study smart : what parents, students and teachers should know. Mandaluyong City, Philippines: .

MLA

Chua Queena N Lee, .Mandaluyong City, Philippines: . .

  • Place hold
  • Print
  • Cite
  • Add to your cart (remove)
  • Save record
    BIBTEX Dublin Core MARCXML MARC (non-Unicode/MARC-8) MARC (Unicode/UTF-8) MARC (Unicode/UTF-8, Standard) MODS (XML) RIS
  • More searches
    Search for this title in:
    Other Libraries (WorldCat) Other Databases (Google Scholar) Online Stores (Bookfinder.com) Open Library (openlibrary.org)

Exporting to Dublin Core...

SOUTHVILLE LIBRARY

Southville International School and Colleges Library

1281 Tropical Ave. Cor. Luxembourg St., BF Homes International, Las Pinas City

Tel. No. 8256374 / 252358 Loc. 117/146

Powered by Koha